PSG - Toutes les recrues depuis 2011 - Statistiques

Statistiques générales
  • Ce quiz a été pris 1 055 fois
    149 depuis la dernière actualisation
  • Le résultat moyen est 66 sur 95
Statistiques - réponses
Année d'arrivée Nationalité Montant Transfert Club Précédent Joueurs % Correct
2025-2026 France 40 000 000 € Lille Lucas Chevalier
96%
2024-2025 France 50 000 000 € Rennes Desire Doue
94%
2021-2022 Maroc 68 000 000 € Inter Milan Achraf Hakimi
93%
2023-2024 France 50 000 000 € Barcelone Ousmane Dembele
93%
2023-2024 Corée du Sud 22 000 000 € Mallorca Kang-in Lee
91%
2018-2019 France 180 000 000 € Monaco Kylian Mbappe
91%
2017-2018 Brésil 222 000 000 € Barcelone Neymar
91%
2023-2024 Portugal 65 000 000 € Benfica Gonçalo Ramos
90%
2021-2022 Espagne Libre Real Madrid Sergio Ramos
90%
2022-2023 Portugal 41 500 000 € Porto Vitinha
90%
2024-2025 Équateur 40 000 000 € Eintracht Francfort Willian Pacho
90%
2024-2025 Portugal 59 920 000 € Benfica Joao Neves
89%
2023-2024 France 95 000 000 € Eintracht Francfort Randal Kolo Muani
89%
2023-2024 France 45 000 000 € Lyon Bradley Barcola
88%
2021-2022 Argentine Libre Barcelone Lionel Messi
88%
2013-2014 Brésil 31 400 000 € AS Roma Marquinhos
88%
2024-2025 Russie 20 000 000 € Krasnodar Matvey Safonov
88%
2022-2023 Portugal 38 000 000 € Sporting CP Nuno Mendes
88%
2012-2013 Suède 21 000 000 € Milan AC Zlatan Ibrahimovic
88%
2023-2024 France 45 000 000 € Bayern Munich Lucas Hernandez
87%
2012-2013 Brésil 42 000 000 € Milan AC Thiago Silva
87%
2013-2014 Uruguay 64 500 000 € Napoli Edinson Cavani
86%
2022-2023 Espagne 22 500 000 € Napoli Fabian Ruiz
85%
2019-2020 Costa Rica 15 000 000 € Real Madrid Keylor Navas
84%
2025-2026 Espagne 8 200 000 € Barcelone Dro Fernandez
83%
2025-2026 Ukraine 63 000 000 € Bournemouth Ilya Zabarnyi
83%
2012-2013 Italie 12 000 000 € Pescara Marco Verratti
83%
2023-2024 Brésil 20 000 000 € Sao Paulo Lucas Beraldo
82%
2021-2022 Italie Libre Milan AC Gianluigi Donnarumma
81%
2015-2016 Argentine 63 000 000 € Manchester United Angel Di Maria
80%
2019-2020 Sénégal 30 000 000 € Everton Idrissa Gana Gueye
80%
2023-2024 Uruguay 60 000 000 € Sporting CP Manuel Ugarte
80%
2023-2024 Slovaquie Libre Inter Milan Milan Skriniar
80%
2023-2024 France 28 500 000 € Stade de Reims Hugo Ekitike
79%
2016-2017 Allemagne 36 000 000 € Wolfsburg Julian Draxler
79%
2012-2013 Argentine 30 000 000 € Napoli Ezequiel Lavezzi
78%
2011-2012 Argentine 42 000 000 € Palerme Javier Pastore
78%
2014-2015 Brésil 49 500 000 € Chelsea David Luiz
77%
2021-2022 Pays-Bas Libre Liverpool Georginio Wijnaldum
74%
2012-2013 Angleterre Libre Los Angeles Galaxy David Beckham
73%
2011-2012 France 8 000 000 € Saint-Étienne Blaise Matuidi
72%
2024-2025 Géorgie 80 000 000 € Napoli Khvicha Kvaratskhelia
72%
2012-2013 Brésil 40 000 000 € Sao Paulo Lucas Moura
72%
2020-2021 Argentine 50 000 000 € Inter Milan Mauro Icardi
72%
2022-2023 Portugal 15 000 000 € Lille Renato Sanches
72%
2022-2023 Espagne 18 000 000 € Valence Carlos Soler
71%
2023-2024 Pays-Bas 4 000 000 € PSV Eindhoven Xavi Simons
70%
2018-2019 Argentine 40 000 000 € Zenit Saint Petersbourg Leandro Paredes
69%
2020-2021 Italie Prêt Everton Moise Kean
69%
2011-2012 Italie 11 500 000 € Inter Milan Thiago Motta
69%
2016-2017 Belgique 6 000 000 € Bruges Thomas Meunier
68%
2015-2016 Allemagne 9 500 000 € Eintracht Francfort Kevin Trapp
67%
2011-2012 Brésil 3 500 000 € Barcelone Maxwell
67%
2018-2019 Espagne 5 000 000 € Bayern Munich Juan Bernat
66%
2015-2016 Côte d'Ivoire 10 000 000 € Toulouse Serge Aurier
66%
2018-2019 Cameroun Libre Stoke City Eric-Maxim Choupo-Moting
64%
2016-2017 Espagne 25 000 000 € Real Madrid Jesé
64%
2023-2024 Espagne Libre Real Madrid Marco Asensio
64%
2025-2026 Italie Libre AS Roma Renato Marin
64%
2011-2012 Italie 3 900 000 € Palerme Salvatore Sirigu
64%
2018-2019 Allemagne 37 000 000 € Schalke 04 Tilo Kehrer
64%
2017-2018 Brésil Libre Juventus Dani Alves
63%
2012-2013 Pays-Bas 6 000 000 € Ajax Amsterdam Gregory van der Wiel
63%
2019-2020 Espagne Libre Manchester United Ander Herrera
62%
2018-2019 Italie Libre Juventus Gianluigi Buffon
62%
2016-2017 Pologne 27 500 000 € Seville Grzegorz Krychowiak
62%
2016-2017 France Libre Nice Hatem Ben Arfa
62%
2015-2016 France 25 000 000 € Monaco Layvin Kurzawa
61%
2019-2020 Sénégal 32 000 000 € Borussia Dortmund Abdou Diallo
60%
2020-2021 Italie Prêt AS Roma Alessandro Florenzi
60%
2022-2023 France 12 000 000 € Leipzig Nordi Mukiele
60%
2023-2024 Italie Libre Benfica B Cher Ndour
59%
2023-2024 Brésil 20 000 000 € Corinthians Gabriel Moscardo
58%
2013-2014 France 25 000 000 € Newcastle United Yohan Cabaye
57%
2021-2022 Portugal 16 000 000 € Porto Danilo Pereira
55%
2019-2020 Espagne 18 000 000 € Seville Pablo Sarabia
55%
2016-2017 Portugal 30 000 000 € Benfica Gonçalo Guedes
53%
2019-2020 Pays-Bas Libre Ajax Amsterdam U21 Mitchel Bakker
53%
2020-2021 Brésil 1 500 000 € Barcelone Rafinha
53%
2011-2012 Brésil 5 000 000 € Chelsea Alex
51%
2019-2020 Pologne Libre Chelsea U21 Marcin Bulka
50%
2016-2017 Argentine 10 000 000 € Rosario Central Giovani Lo Celso
49%
2017-2018 Espagne 16 000 000 € Real Sociedad Yuri Berchiche
49%
2011-2012 France 11 000 000 € Lorient Kevin Gameiro
46%
2017-2018 France Libre Al-Jazira Lassana Diarra
46%
2023-2024 Espagne Libre Barça Atlètic Arnau Tenas
45%
2011-2012 France 8 000 000 € AS Roma Jérémy Menez
45%
2013-2014 France 15 000 000 € Lille Lucas Digne
45%
2020-2021 Espagne 6 000 000 € Seville Sergio Rico
45%
2020-2021 France Libre Orléans Alexandre Letellier
38%
2011-2012 Uruguay 3 000 000 € Fenerbahçe Diego Lugano
38%
2011-2012 Mali 8 000 000 € Juventus Mohamed Sissoko
38%
2015-2016 France 8 600 000 € Tottenham Benjamin Stambouli
34%
2011-2012 Serbie 3 200 000 € Valenciennes Milan Bisevac
32%
2011-2012 France Libre Stade Rennais Nicolas Douchez
27%
Aucun quiz correspondant
Distribution des résultats
% des personnes avec chaque résultat
Percentile par nombre de réponses
Votre historique - résultats
Vous n’avez pas pris ce quiz depuis la dernière actualisation